[Event "Asker CC-ch Class A"]
[Site "Asker"]
[Date "2017.04.03"]
[Round "8"]
[White "Lavergren, Karl Ivar"]
[Black "Enersen, Eirik S"]
[Result "0-1"]
[WhiteElo "1475"]
[BlackElo "1691"]
[PlyCount "88"]
[EventDate "2017.01.09"]
[EventType "swiss"]
[EventRounds "9"]
[EventCountry "NOR"]
[SourceTitle "EXT 2024"]
[Source "ChessBase"]
[SourceDate "2023.10.10"]
[SourceVersion "1"]
[SourceVersionDate "2023.10.10"]
[SourceQuality "1"]

1. e4 e6 2. d4 d5 3. e5 c5 4. c3 Nc6 5. Nf3 Qb6 6. Be2 Nge7 7. b3 cxd4 8. cxd4 Nf5 9. Bb2 Bb4+ 10. Nc3 Nfxd4 11. 0-0 Nxf3+ 12. Bxf3 Bxc3 13. Bxc3 Bd7 14. Qd2 Rc8 15. Rac1 0-0 16. Rc2 Nd4 17. Bxd4 Rxc2 18. Qxc2 Qxd4 19. Qc7 Bc6 20. Qd6 Qb2 21. Qb4 Qxe5 22. Re1 Qc7 23. Qc5 Qb6 24. Qxb6 axb6 25. Be2 Ra8 26. a4 Ra5 27. Rc1 Rc5 28. Rxc5 bxc5 29. Bb5 Bxb5 30. axb5 Kf8 31. Kf1 Ke7 32. Ke2 Kd6 33. Kd3 Kc7 34. Kc3 Kb6 35. b4 Kxb5 36. bxc5 Kxc5 37. f4 d4+ 38. Kd3 b5 39. g4 b4 40. h4 b3 41. h5 Kd5 42. g5 h6 43. gxh6 gxh6 44. Kd2 Ke4 0-1

[Event "Asker Autumn A"]
[Site "Asker"]
[Date "2016.11.14"]
[Round "7"]
[White "Lavergren, Karl Ivar"]
[Black "Nilssen, Stale"]
[Result "0-1"]
[WhiteElo "1519"]
[BlackElo "1558"]
[PlyCount "72"]
[EventDate "2016.08.29"]
[EventType "swiss"]
[EventRounds "9"]
[EventCountry "NOR"]
[SourceTitle "EXT 2024"]
[Source "ChessBase"]
[SourceDate "2023.10.10"]
[SourceVersion "1"]
[SourceVersionDate "2023.10.10"]
[SourceQuality "1"]

1. e4 c6 2. d4 d5 3. e5 Bf5 4. Nf3 e6 5. Bd3 Bxd3 6. Qxd3 c5 7. c3 cxd4 8. cxd4 Nc6 9. 0-0 Nge7 10. Bg5 Qb6 11. b3 Nf5 12. Rd1 h6 13. Be3 Be7 14. Nc3 Nb4 15. Qb5+ Qxb5 16. Nxb5 0-0 17. Bd2 Nc2 18. Rac1 Rfc8 19. g4 a6 20. gxf5 axb5 21. fxe6 fxe6 22. Bf4 Ba3 23. Rb1 Rf8 24. Bc1 Rxf3 25. Bxa3 Rxa3 26. Rbc1 Nb4 27. Rc8+ Rf8 28. Rc7 Rf7 29. Rc8+ Kh7 30. Re8 Rxa2 31. Rf1 Nd3 32. f3 Nf4 33. Kh1 Rf5 34. Re7 Rh5 35. Kg1 Rg2+ 36. Kh1 Rhxh2# 0-1

[Event "Drammen CC-ch Class2"]
[Site "Drammen"]
[Date "2016.01.19"]
[Round "2"]
[White "Lavergren, Karl Ivar"]
[Black "Lyngas, Martin"]
[Result "1-0"]
[WhiteElo "1277"]
[BlackElo "883"]
[PlyCount "51"]
[EventDate "2016.02.02"]
[EventType "swiss"]
[EventRounds "9"]
[EventCountry "NOR"]
[SourceTitle "EXT 2024"]
[Source "ChessBase"]
[SourceDate "2023.10.10"]
[SourceVersion "1"]
[SourceVersionDate "2023.10.10"]
[SourceQuality "1"]

1. e4 e5 2. Nf3 Nc6 3. Bc4 Bc5 4. c3 d6 5. h3 Nf6 6. d3 0-0 7. Bb3 Na5 8. Bc2 Nc6 9. Nbd2 d5 10. Qe2 d4 11. Nf1 Nh5 12. Nxe5 Nxe5 13. Qxh5 Qf6 14. f4 Nc6 15. Qxc5 dxc3 16. Qxc3 Qh4+ 17. g3 Qh6 18. f5 Qd6 19. Bf4 Qd7 20. Ne3 Re8 21. 0-0-0 Re7 22. Nd5 Re8 23. Nxc7 Nd4 24. Kb1 Ne2 25. Qd2 Nxf4 26. Qxf4 1-0

[Event "Drammen CC-ch"]
[Site "Drammen"]
[Date "2015.04.07"]
[Round "7"]
[White "Lavergren, Karl Ivar"]
[Black "Aure, Havard"]
[Result "1-0"]
[WhiteElo "947"]
[BlackElo "939"]
[PlyCount "57"]
[EventDate "2015.01.13"]
[EventType "swiss"]
[EventRounds "9"]
[EventCountry "NOR"]
[SourceTitle "EXT 2024"]
[Source "ChessBase"]
[SourceDate "2023.10.10"]
[SourceVersion "1"]
[SourceVersionDate "2023.10.10"]
[SourceQuality "1"]

1. d4 d5 2. c4 c6 3. Bf4 Nf6 4. e3 e6 5. Nc3 Be7 6. Nf3 Nh5 7. Be5 f6 8. Bxb8 Rxb8 9. Nd2 f5 10. Qxh5+ g6 11. Qe2 Bb4 12. cxd5 exd5 13. g3 0-0 14. Bg2 Qb6 15. 0-0 Qa5 16. Nb3 Qc7 17. Nc5 Bxc5 18. dxc5 b6 19. cxb6 Rxb6 20. Na4 Ba6 21. Qc2 Bxf1 22. Bxf1 Rbb8 23. Rc1 Rbc8 24. Bb5 Rf6 25. Ba6 Rb8 26. Nc3 Qb6 27. Bd3 Qxb2 28. Rb1 Qxc2 29. Rxb8+ 1-0

[Event "Drammen CC-ch"]
[Site "Drammen"]
[Date "2015.03.03"]
[Round "5"]
[White "Lavergren, Karl Ivar"]
[Black "Lyngas, Martin"]
[Result "0-1"]
[WhiteElo "947"]
[BlackElo "896"]
[PlyCount "42"]
[EventDate "2015.01.13"]
[EventType "swiss"]
[EventRounds "9"]
[EventCountry "NOR"]
[SourceTitle "EXT 2024"]
[Source "ChessBase"]
[SourceDate "2023.10.10"]
[SourceVersion "1"]
[SourceVersionDate "2023.10.10"]
[SourceQuality "1"]

1. e4 e5 2. Nf3 Nc6 3. Bc4 Bc5 4. 0-0 d6 5. Nc3 Nd4 6. d3 Bg4 7. Be3 Bxf3 8. gxf3 c6 9. Kh1 Qf6 10. Kg2 Ne7 11. Na4 Ba3 12. bxa3 b5 13. Bxb5 Nxb5 14. Qc1 Qg6+ 15. Kh1 Qh5 16. f4 Qf3+ 17. Kg1 Ng6 18. Qd1 Qh3 19. Qe2 Nd4 20. Qd1 Nf3+ 21. Kh1 Qxh2# 0-1

[Event "Drammen CC-ch"]
[Site "Drammen"]
[Date "2015.02.10"]
[Round "4"]
[White "Tommerhol, Einar Tofteng"]
[Black "Lavergren, Karl Ivar"]
[Result "0-1"]
[WhiteElo "938"]
[BlackElo "947"]
[PlyCount "56"]
[EventDate "2015.01.13"]
[EventType "swiss"]
[EventRounds "9"]
[EventCountry "NOR"]
[SourceTitle "EXT 2024"]
[Source "ChessBase"]
[SourceDate "2023.10.10"]
[SourceVersion "1"]
[SourceVersionDate "2023.10.10"]
[SourceQuality "1"]

1. e4 e5 2. Nf3 Nc6 3. Bc4 Bc5 4. Nc3 Nf6 5. 0-0 d6 6. d3 h6 7. Be3 Bxe3 8. fxe3 Bd7 9. d4 exd4 10. exd4 Qe7 11. Qe2 0-0-0 12. Rfe1 Rde8 13. e5 dxe5 14. dxe5 Ng4 15. Nd5 Qc5+ 16. Kf1 Rxe5 17. b4 Rxe2 18. bxc5 Rxc2 19. Be2 Rxc5 20. Nf4 Rf5 21. g3 g5 22. Ng2 Nxh2+ 23. Kf2 Nxf3 24. Bxf3 Nd4 25. Red1 Rxf3+ 26. Kg1 Ne2+ 27. Kh2 Rxg3 28. Re1 Rh3# 0-1